000 00218 a2200097 4500
001 12234
100 _aSaleem Akhtar,Dr
245 _aIqbal aur Hamaray Fikri Raveay
260 _a
_bSang-e-Meel
_c
090 _c9462
_d9462
942 _aNUST-CAE
_cM
_c36336
999 _c247307
_d247307